01326nam a2200217Ia 4500008004100000041001200041082001600053100001700069245006800086260004000154300000800194650001900202700001500221942000700236999001500243952017000258952017000428952017000598952017000768952017000938221030s9999 xx 000 0 und d aEnglish a105.23bBin aJ. S. Bindra 2aA Text Book of Applied Mathematicscby J. S. Bindra, K. S. Gill bS.K Kataria & SonsaNew Delhic1999 a663 aBE Mathematics aK. S. Gill cBK c2519d2519 pBE 1394g140.00l0o105.23 Binr2024-06-13 00:00:00w2022-10-30yBK003Print4070aMIETLIBbMIETLIBcBL-Academic Block C, FL-2, CUP-6, SH-1, R-1d2000-04-2810HBE pBE 1390g140.00l0o105.23 Binr2024-06-13 00:00:00w2022-10-30yBK003Print4070aMIETLIBbMIETLIBcBL-Academic Block C, FL-2, CUP-6, SH-1, R-1d2000-04-2810HBE pBE 1391g140.00l0o105.23 Binr2024-06-13 00:00:00w2022-10-30yBK003Print4070aMIETLIBbMIETLIBcBL-Academic Block C, FL-2, CUP-6, SH-1, R-1d2000-04-2810HBE pBE 1392g140.00l0o105.23 Binr2024-06-13 00:00:00w2022-10-30yBK003Print4070aMIETLIBbMIETLIBcBL-Academic Block C, FL-2, CUP-6, SH-1, R-1d2000-04-2810HBE pBE 1393g140.00l0o105.23 Binr2024-06-13 00:00:00w2022-10-30yBK003Print4070aMIETLIBbMIETLIBcBL-Academic Block C, FL-2, CUP-6, SH-1, R-1d2000-04-2810HBE